000 00558nam a2200181 i 4500
001 183749
003 ES-MaACL
005 20230906221949.0
008 141008s1838 sp |||| | spa d
245 0 0 _aJuego de villar [sic].
246 3 3 _aJuego de billar
260 _aMadrid :
_b[s.n.],
_c1838 (
_fImp. de Yenes)
300 _a27 p. ;
_c15 cm.
530 _aDisponible en formato digital.
650 4 _aBillar.
_9155687
852 _aES-MaACL
_jT-220-F-2
856 4 1 _uhttp://bdh-rd.bne.es/viewer.vm?id=0000083276&page=1
_zBiblioteca Digital Hispánica
999 _c183749
_d183749